Die Maler von Florenz zu Beginn der Renaissance
Saved in:
| Main Author: | |
|---|---|
| Document Type: | Thesis Book |
| Language: | German |
| Published: |
München ; Berlin
: Dt. Kunstverl.
, 2001
|
| Series: | Italienische Forschungen des Kunsthistorischen Institutes in Florenz
Folge 4, 1 |
| Subjects: | |
| Online Access: | Rezension Rezension Rezension Rezension Inhaltsverzeichnis |
| Related Items: | Rezensiert in:
[Rezension von: Werner Jacobsen, Die Maler von Florenz zu Beginn der Renaissance] Rezensiert in: [Rezension von: Werner Jacobsen, Die Maler von Florenz zu Beginn der Renaissance] |
| Author Notes: | Werner Jacobsen |
| LEADER | 09378cam a2201741 c 4500 | ||
|---|---|---|---|
| 001 | 162226603X | ||
| 003 | DE-627 | ||
| 005 | 20260421144534.0 | ||
| 007 | tu | ||
| 008 | 020201s2001 gw ||||| m 00| ||ger c | ||
| 015 | |a 99,N31,0774 |2 dnb | ||
| 015 | |a 02,A12,1412 |2 dnb | ||
| 016 | 7 | |a 956318762 |2 DE-101 | |
| 020 | |a 3422062858 |9 3-422-06285-8 | ||
| 035 | |a (DE-627)162226603X | ||
| 035 | |a (DE-603)079198503 | ||
| 035 | |a (DE-576)096784792 | ||
| 035 | |a (DE-599)DNB956318762 | ||
| 035 | |a (OCoLC)722917625 | ||
| 035 | |a (OCoLC)1078710803 | ||
| 035 | |a (OCoLC)48966041 | ||
| 035 | |a (OCoLC)237504740 | ||
| 040 | |a DE-627 |b ger |c DE-627 |e rakwb | ||
| 041 | |a ger | ||
| 044 | |c XA-DE |c XA-IT | ||
| 050 | 0 | |a ND621.F7 | |
| 084 | |a 45 |2 sdnb | ||
| 084 | |a 46 |2 sdnb | ||
| 084 | |a 9,10 |2 ssgn | ||
| 084 | |a LI 33160 |2 rvk |0 (DE-625)rvk/96094: | ||
| 084 | |a LN 83350 |2 rvk |0 (DE-625)rvk/102378: | ||
| 084 | |a LH 60220 |2 rvk |0 (DE-625)rvk/94182: | ||
| 084 | |a LN 84604 |2 rvk |0 (DE-625)rvk/102417:6 | ||
| 084 | |a LN 37110 |q OBV |2 rvk |0 (DE-625)rvk/102012:13311 | ||
| 084 | |a LN 10100 |q OBV |2 rvk |0 (DE-625)rvk/101862: | ||
| 084 | |a 21.02 |2 bkl | ||
| 084 | |a 20.70 |2 bkl | ||
| 100 | 1 | |a Jacobsen, Werner |d 1952- |0 (DE-588)123522668 |0 (DE-627)082606617 |0 (DE-576)293747261 |4 aut | |
| 245 | 1 | 4 | |a Die Maler von Florenz zu Beginn der Renaissance |c Werner Jacobsen |
| 264 | 1 | |a München |a Berlin |b Dt. Kunstverl. |c 2001 | |
| 300 | |a 670, [36] S. |b Ill., Kt. | ||
| 336 | |a Text |b txt |2 rdacontent | ||
| 337 | |a ohne Hilfsmittel zu benutzen |b n |2 rdamedia | ||
| 338 | |a Band |b nc |2 rdacarrier | ||
| 490 | 1 | |a Italienische Forschungen des Kunsthistorischen Institutes in Florenz |v Folge 4, 1 | |
| 502 | |a Zugl.: Berlin, Freie Univ., Habil.-Schr. | ||
| 505 | 8 | |a Literaturverz. S. 660 - 670 | |
| 583 | 1 | |a Archivierung/Langzeitarchivierung gewährleistet |f SSG |x XA-DE-BW |2 pdager |5 DE-16 | |
| 648 | 7 | |a Geschichte 1400-1450 |2 gnd | |
| 650 | 0 | 7 | |0 (DE-588)4037220-0 |0 (DE-627)10623871X |0 (DE-576)209022892 |a Malerei |2 gnd |
| 650 | 0 | 7 | |0 (DE-588)4037215-7 |0 (DE-627)106238752 |0 (DE-576)20902285X |a Maler |2 gnd |
| 650 | 0 | 7 | |0 (DE-588)4049450-0 |0 (DE-627)104117257 |0 (DE-576)209082151 |a Renaissance |2 gnd |
| 650 | 4 | |a Painters |x Italy |x Biography | |
| 650 | 4 | |a Painting, Early Renaissance |x Italy |x Florence | |
| 650 | 4 | |a Painting, Italian |x Italy |x Florence | |
| 651 | 7 | |0 (DE-588)4017581-9 |0 (DE-627)106329197 |0 (DE-576)208920560 |a Florenz |2 gnd | |
| 651 | 7 | |0 (DE-588)4027833-5 |0 (DE-627)106283235 |0 (DE-576)208972501 |a Italien |2 gnd | |
| 655 | 7 | |a Biografie |0 (DE-588)4006804-3 |0 (DE-627)104213493 |0 (DE-576)208867147 |2 gnd-content | |
| 655 | 7 | |a Hochschulschrift |0 (DE-588)4113937-9 |0 (DE-627)105825778 |0 (DE-576)209480580 |2 gnd-content | |
| 689 | 0 | 0 | |d g |0 (DE-588)4017581-9 |0 (DE-627)106329197 |0 (DE-576)208920560 |a Florenz |2 gnd |
| 689 | 0 | 1 | |d s |0 (DE-588)4037220-0 |0 (DE-627)10623871X |0 (DE-576)209022892 |a Malerei |2 gnd |
| 689 | 0 | 2 | |a z |2 gnd |a Geschichte 1400-1450 |
| 689 | 0 | |5 DE-101 | |
| 689 | 1 | 0 | |d g |0 (DE-588)4017581-9 |0 (DE-627)106329197 |0 (DE-576)208920560 |a Florenz |2 gnd |
| 689 | 1 | 1 | |d s |0 (DE-588)4037215-7 |0 (DE-627)106238752 |0 (DE-576)20902285X |a Maler |2 gnd |
| 689 | 1 | 2 | |a z |2 gnd |a Geschichte 1400-1450 |
| 689 | 1 | |5 DE-101 | |
| 689 | 2 | 0 | |d s |0 (DE-588)4049450-0 |0 (DE-627)104117257 |0 (DE-576)209082151 |a Renaissance |2 gnd |
| 689 | 2 | 1 | |d s |0 (DE-588)4037220-0 |0 (DE-627)10623871X |0 (DE-576)209022892 |a Malerei |2 gnd |
| 689 | 2 | 2 | |d g |0 (DE-588)4017581-9 |0 (DE-627)106329197 |0 (DE-576)208920560 |a Florenz |2 gnd |
| 689 | 2 | 3 | |a z |2 gnd |a Geschichte 1400-1450 |
| 689 | 2 | |5 DE-101 | |
| 689 | 3 | 0 | |d s |0 (DE-588)4049450-0 |0 (DE-627)104117257 |0 (DE-576)209082151 |a Renaissance |2 gnd |
| 689 | 3 | 1 | |d s |0 (DE-588)4037215-7 |0 (DE-627)106238752 |0 (DE-576)20902285X |a Maler |2 gnd |
| 689 | 3 | 2 | |d g |0 (DE-588)4017581-9 |0 (DE-627)106329197 |0 (DE-576)208920560 |a Florenz |2 gnd |
| 689 | 3 | 3 | |a z |2 gnd |a Geschichte 1400-1450 |
| 689 | 3 | |5 DE-101 | |
| 689 | 4 | 0 | |d g |0 (DE-588)4017581-9 |0 (DE-627)106329197 |0 (DE-576)208920560 |a Florenz |2 gnd |
| 689 | 4 | 1 | |d s |0 (DE-588)4037220-0 |0 (DE-627)10623871X |0 (DE-576)209022892 |a Malerei |2 gnd |
| 689 | 4 | 2 | |a z |2 gnd |a Geschichte 1400-1450 |
| 689 | 4 | |5 (DE-627) | |
| 689 | 5 | 0 | |d g |0 (DE-588)4017581-9 |0 (DE-627)106329197 |0 (DE-576)208920560 |a Florenz |2 gnd |
| 689 | 5 | 1 | |d s |0 (DE-588)4037215-7 |0 (DE-627)106238752 |0 (DE-576)20902285X |a Maler |2 gnd |
| 689 | 5 | 2 | |a z |2 gnd |a Geschichte 1400-1450 |
| 689 | 5 | |5 (DE-627) | |
| 689 | 6 | 0 | |d s |0 (DE-588)4049450-0 |0 (DE-627)104117257 |0 (DE-576)209082151 |a Renaissance |2 gnd |
| 689 | 6 | 1 | |d s |0 (DE-588)4037220-0 |0 (DE-627)10623871X |0 (DE-576)209022892 |a Malerei |2 gnd |
| 689 | 6 | 2 | |d g |0 (DE-588)4017581-9 |0 (DE-627)106329197 |0 (DE-576)208920560 |a Florenz |2 gnd |
| 689 | 6 | 3 | |a z |2 gnd |a Geschichte 1400-1450 |
| 689 | 6 | |5 (DE-627) | |
| 689 | 7 | 0 | |d s |0 (DE-588)4049450-0 |0 (DE-627)104117257 |0 (DE-576)209082151 |a Renaissance |2 gnd |
| 689 | 7 | 1 | |d s |0 (DE-588)4037215-7 |0 (DE-627)106238752 |0 (DE-576)20902285X |a Maler |2 gnd |
| 689 | 7 | 2 | |d g |0 (DE-588)4017581-9 |0 (DE-627)106329197 |0 (DE-576)208920560 |a Florenz |2 gnd |
| 689 | 7 | 3 | |a z |2 gnd |a Geschichte 1400-1450 |
| 689 | 7 | |5 (DE-627) | |
| 710 | 2 | |a Kunsthistorisches Institut in Florenz |0 (DE-588)2016695-3 |0 (DE-627)10191038X |0 (DE-576)191705241 |4 oth | |
| 751 | |a Berlin |0 (DE-588)4005728-8 |0 (DE-627)10482638X |0 (DE-576)208862560 |4 uvp | ||
| 787 | 0 | 8 | |i Rezensiert in |a Bock, Nicolas, 1964 - |t [Rezension von: Werner Jacobsen, Die Maler von Florenz zu Beginn der Renaissance] |d 2005 |w (DE-627)1915047382 |
| 787 | 0 | 8 | |i Rezensiert in |a Rehm, Ulrich, 1964 - |t [Rezension von: Werner Jacobsen, Die Maler von Florenz zu Beginn der Renaissance] |d 2002 |w (DE-627)1920625127 |
| 810 | 2 | |a Kunsthistorisches Institut in Florenz |t Italienische Forschungen des Kunsthistorischen Instituts in Florenz, Max-Planck-Institut |v Folge 4, 1 |9 4001 |w (DE-627)504206958 |w (DE-576)099053705 |w (DE-600)2213073-1 |7 am | |
| 856 | 4 | 2 | |u https://swbplus.bsz-bw.de/bsz096784792rez.htm |m V:DE-576 |v 2005-05-17 |3 Rezension |7 1 |
| 856 | 4 | 2 | |u https://swbplus.bsz-bw.de/bsz096784792rez-1.htm |m V:DE-576 |v 2005-05-17 |3 Rezension |7 1 |
| 856 | 4 | 2 | |u http://www.sehepunkte.de/2002/12/3441.html |m V:DE-576;X:Sehepunkte |q text/html |v 20180423160624 |3 Rezension |7 1 |
| 856 | 4 | 2 | |u https://scans.hebis.de/HEBCGI/show.pl?07919850_rez.pdf |m V:DE-576 |q application/pdf |3 Rezension |7 1 |
| 856 | 4 | 2 | |u https://scans.hebis.de/HEBCGI/show.pl?07919850_toc.pdf |m V:DE-604 |q application/pdf |3 Inhaltsverzeichnis |7 1 |
| 889 | |w (DE-627)071959351 | ||
| 889 | |w (DE-627)271669438 | ||
| 935 | |i mdedup | ||
| 936 | r | v | |a LI 33160 |b Ghirlandaio, Domenico |k Kunstgeschichte |k Künstler-Monografien |k Alphabetische Künstlerliste |k Künstler G |k Ghirlandaio, Domenico |0 (DE-627)1270700553 |0 (DE-625)rvk/96094: |0 (DE-576)200700553 |
| 936 | r | v | |a LN 83350 |b Hochrenaissance (und Renaissance allgemein) |k Kunstgeschichte |k Kunst nach Ländern bzw. Kontinenten |k Italien |k Italienische Kunstgeschichte nach Gattungen |k Malerei |k Einzelne Epochen |k Hochrenaissance (und Renaissance allgemein) |0 (DE-627)127068342X |0 (DE-625)rvk/102378: |0 (DE-576)20068342X |
| 936 | r | v | |a LH 60220 |b Neuzeit insgesamt |k Kunstgeschichte |k Allgemeines. Allgemeine Kunstgeschichte |k Bildende Kunst in Staat und Gesellschaft |k Kunstsoziologie (sämtlicher oder mehrerer Kunstgattungen) Soziologie des Künstlers |k Neuzeit |k Neuzeit insgesamt |0 (DE-627)1271071886 |0 (DE-625)rvk/94182: |0 (DE-576)201071886 |
| 936 | r | v | |a LN 84604 |b Renaissance, Manierismus |k Kunstgeschichte |k Kunst nach Ländern bzw. Kontinenten |k Italien |k Italienische Kunstgeschichte nach Gattungen |k Malerei |k Italienische Malerei nach Zentren und Schulen |k Florenz |k Renaissance, Manierismus |0 (DE-627)1270641247 |0 (DE-625)rvk/102417:6 |0 (DE-576)200641247 |
| 936 | r | v | |a LN 37110 |b Malerei (einschließlich Buchmalerei) |k Kunstgeschichte |k Kunst nach Ländern bzw. Kontinenten |k Italien |k Kunsttopografie Italiens |k Alphabetische Liste der italienischen Orte |k Orte F |k Florenz |k Kunstgeschichte |k Malerei (einschließlich Buchmalerei) |0 (DE-627)1271583062 |0 (DE-625)rvk/102012:13311 |0 (DE-576)201583062 |
| 936 | r | v | |a LN 10100 |b Soziologie der italienischen Kunst; Theorie, Ästhetik, Psychologie (sofern eindeutiger Bezug auf italienische Kunst) |k Kunstgeschichte |k Kunst nach Ländern bzw. Kontinenten |k Italien |k Kunstgeschichte Italiens |k Soziologie der italienischen Kunst; Theorie, Ästhetik, Psychologie (sofern eindeutiger Bezug auf italienische Kunst) |0 (DE-627)127115823X |0 (DE-625)rvk/101862: |0 (DE-576)20115823X |
| 936 | b | k | |a 21.02 |j Geschichte der Malerei |0 (DE-627)106406698 |
| 936 | b | k | |a 20.70 |j Europäische Kunst: Allgemeines |0 (DE-627)106406566 |
| 936 | s | n | |a l300 |2 mzub |
| 951 | |a BO | ||
| 990 | |a Florenz | ||
| 990 | |a Malerei | ||
| 990 | |a Geschichte 1400-1450 | ||
| 990 | |a Florenz | ||
| 990 | |a Maler | ||
| 990 | |a Geschichte 1400-1450 | ||
| 990 | |a Renaissance | ||
| 990 | |a Malerei | ||
| 990 | |a Florenz | ||
| 990 | |a Geschichte 1400-1450 | ||
| 990 | |a Renaissance | ||
| 990 | |a Maler | ||
| 990 | |a Florenz | ||
| 990 | |a Geschichte 1400-1450 | ||
| 990 | |a Florenz | ||
| 990 | |a Malerei | ||
| 990 | |a Geschichte 1400-1450 | ||
| 990 | |a Florenz | ||
| 990 | |a Maler | ||
| 990 | |a Geschichte 1400-1450 | ||
| 990 | |a Renaissance | ||
| 990 | |a Malerei | ||
| 990 | |a Florenz | ||
| 990 | |a Geschichte 1400-1450 | ||
| 990 | |a Renaissance | ||
| 990 | |a Maler | ||
| 990 | |a Florenz | ||
| 990 | |a Geschichte 1400-1450 | ||
| 991 | |a Rezensiertes Werk | ||
| 999 | |a KXP-PPN162226603X |e 4953889762 | ||


